书目信息 |
| 题名: |
Photoshop CS6淘宝美工完全实例教程
|
|
| 作者: | 宋丽颖 编著 | |
| 分册: | ||
| 出版信息: | 北京 人民邮电出版社 2021.01 |
|
| 页数: | 448页 | |
| 开本: | 24cm | |
| 丛书名: | ||
| 单 册: | ||
| 中图分类: | TP391.413 | |
| 科图分类: | ||
| 主题词: | 图象处理软件--tu xiang chu li ruan jian--教材 | |
| 电子资源: | ||
| ISBN: | 978-7-115-52363-1 | |
| 000 | 01071nam0 2200277 450 | |
| 001 | 2132790689 | |
| 005 | 20210316161110.8 | |
| 010 | @a978-7-115-52363-1@dCNY99.00 | |
| 100 | @a20210316d2021 em y0chiy0120 ea | |
| 101 | 0 | @achi |
| 102 | @aCN@b110000 | |
| 105 | @aa z 000yy | |
| 106 | @ar | |
| 200 | 1 | @aPhotoshop CS6淘宝美工完全实例教程@APhotoshop CS6 tao bao mei gong wan quan shi li jiao cheng@e全视频彩色版@f宋丽颖编著 |
| 205 | @a全视频彩色版 | |
| 210 | @a北京@c人民邮电出版社@d2021.01 | |
| 215 | @a448页@c彩图@d24cm | |
| 300 | @a数艺设 | |
| 330 | @a本书共281个实例, 从Photoshop的基础操作入手, 从易到难地介绍了淘宝网店设计中商品的修图抠图/调色、文字的处理、场景图的合成、店标的设计、店招的设计、公告模板的设计、促销页面的设计、导航条的设计、陈列展示区的设计等内容。 | |
| 517 | 1 | @a全视频彩色版@Aquan shi pin cai se ban |
| 606 | 0 | @a图象处理软件@Atu xiang chu li ruan jian@j教材 |
| 610 | 0 | @aPhotoshop |
| 690 | @aTP391.413@v5 | |
| 701 | 0 | @a宋丽颖@Asong li ying@4编著 |
| 801 | 0 | @aCN@b人天书店@c20210316 |
| 905 | @aTSG@b0000005@dTP391.413@eS774@f1 | |
| Photoshop CS6淘宝美工完全实例教程:全视频彩色版/宋丽颖编著.-全视频彩色版.-北京:人民邮电出版社,2021.01 |
| 448页:彩图;24cm |
| 数艺设 |
| ISBN 978-7-115-52363-1:CNY99.00 |
| 本书共281个实例, 从Photoshop的基础操作入手, 从易到难地介绍了淘宝网店设计中商品的修图抠图/调色、文字的处理、场景图的合成、店标的设计、店招的设计、公告模板的设计、促销页面的设计、导航条的设计、陈列展示区的设计等内容。 |
| ● |
| 相关链接 |
|
|
|
正题名:Photoshop CS6淘宝美工完全实例教程
索取号:TP391.413/S774
 
预约/预借
| 序号 | 登录号 | 条形码 | 馆藏地/架位号 | 状态 | 备注 |
| 1 | 1534889 | 215348899 | 自科库301/301自科库 106排1列3层/ [索取号:TP391.413/S774] | 在馆 |